Capitales d'Amérique Nord et Sud - Statistiques

Statistiques générales
  • Ce quiz a été pris 206 fois
  • Le résultat moyen est 25 sur 35
Statistiques - réponses
Hint Réponse % Correct
Brésil Brasilia
96%
Argentine Buenos Aires
96%
Etats-Unis Washington
94%
Mexique Mexico
93%
Canada Ottawa
93%
Colombie Bogota
88%
Pérou Lima
88%
Bolivie La Paz/Sucre
87%
Panama Panama
87%
Cuba La Havane
86%
Chili Santiago
86%
Jamaïque Kingston
83%
Uruguay Montevideo
81%
Venezuela Caracas
79%
Equateur Quito
79%
Guatemala Guatemala
78%
Paraguay Asuncion
74%
République dominicaine Saint Domingue
72%
Haïti Port au Prince
71%
Salvador San Salvador
70%
Costa Rica San José
68%
Bahamas Nassau
67%
Guyana Georgetown
64%
Belize Belmopan
62%
Saint-Vincent-et-les-Grenadines Kingstown
59%
Honduras Tegucigalpa
59%
Nicaragua Managua
57%
Suriname Paramaribo
57%
Dominique Roseau
56%
Barbade Bridgetown
54%
Grenade Saint George's
54%
Sainte-Lucie Castries
53%
Trinité-et-Tobago Port d'Espagne
53%
Antigua-et-Barbuda Saint Johns
53%
Saint-Christophe-et-Niévès Basseterre
50%
Aucun quiz correspondant
Distribution des résultats
% des personnes avec chaque résultat
Percentile par nombre de réponses
Votre historique - résultats
Vous n’avez pas pris ce quiz